History Quiz

Random History Quiz

Titanic Words II Quiz Stats

 Plays Quiz not verified by Sporcle

Also try: JULBEMD Dates II
Challenge
Share
Tweet
Embed
Score 0/15 Timer 12:00
0 Plays Today
% Correct
Carpathia
92.4%
William Murdoch
83.7%
Robert 'Bob' Ballard
72.7%
Queenstown
67.4%
Daily Graphic
63.3%
Charles Herbert Lightoller
57.6%
Cork Free Press
57.2%
Imperial Theatre
48.1%
% Correct
Frank Browne
40.9%
Alden Smith
35.6%
Alexander Montgomery Charlisle
35.6%
Maurice Harvey Clarke
30.7%
Henry Bower
30.7%
Mesaba
26.1%
Athinai
25%

You're not logged in!

Compare scores with friends on all Sporcle quizzes.
OR
Log In

You Might Also Like...

Show Comments

Extras

Created May 31, 2012ReportNominate
Tags:RMS Titanic, titanic

Top Quizzes Today


Score Distribution

Your Account Isn't Verified!

In order to create a playlist on Sporcle, you need to verify the email address you used during registration. Go to your Sporcle Settings to finish the process.

Report this User

Report this user for behavior that violates our Community Guidelines.

Details: